书目信息 |
| 题名: |
胶黏剂生产与应用手册
|
|
| 作者: | 程时远 , 陈正国 主编 | |
| 分册: | ||
| 出版信息: | 北京 化学工业出版社 2003.04 |
|
| 页数: | 613页 | |
| 开本: | 26cm | |
| 丛书名: | ||
| 单 册: | ||
| 中图分类: | TQ430-62 | |
| 科图分类: | ||
| 主题词: | 胶粘剂--化学工业 | |
| 电子资源: | ||
| ISBN: | 7-5025-4329-5 | |
| 000 | 00661nam0 2200205 45 | |
| 001 | 0461838690 | |
| 005 | 2004090617103868 | |
| 010 | @a7-5025-4329-5@dCNY 78.00 | |
| 100 | @a20040906d2003 km y0chiy0120 ea | |
| 101 | 0 | @achi |
| 102 | @aCN@b110000 | |
| 200 | 1 | @a胶黏剂生产与应用手册@AJiao Nian Ji Sheng Chan Yu Ying Yong Shou Ce@f程时远,陈正国主编@FCheng Shi Yuan,Chen Zheng Guo Zhu Bian |
| 210 | @a北京@c化学工业出版社@d2003.04 | |
| 215 | @a613页@d26cm | |
| 606 | 0 | @a胶粘剂@x化学工业 |
| 690 | @aTQ430-62@v3 | |
| 701 | 0 | @a程时远@ACheng Shi Yuan@4主编 |
| 701 | 0 | @a陈正国@AChen Zheng Guo@4主编 |
| 801 | 0 | @aCN@bPFT@c20040906 |
| 905 | @a安徽大学@dTQ430-62@eC768 | |
| 胶黏剂生产与应用手册/程时远,陈正国主编.-北京:化学工业出版社,2003.04 |
| 613页;26cm |
| ISBN 7-5025-4329-5:CNY 78.00 |
| ● |
| 相关链接 |
|
|
|
正题名:胶黏剂生产与应用手册
索取号:TQ430-62/C768
 
预约/预借
| 序号 | 登录号 | 条形码 | 馆藏地/架位号 | 状态 | 备注 |
| 1 | 390337 | 203903375 | 材料与化工学院资料室/ [索取号:TQ430-62/C768] | 在馆 | |
| 2 | 390338 | 203903384 | 期刊室512/501自科库 39排5列2层/ [索取号:TQ430-62/C768] | 在馆 | |
| 3 | 390339 | 203903393 | 自科库501/501自科库 39排5列2层/ [索取号:TQ430-62/C768] | 在馆 |